Peep Show Quiz 8 - Statistics

General Stats
  • This quiz has been taken 281 times
  • The average score is 8 of 15
Answer Stats
Hint Answer % Correct
What does Gerard die of? Flu
98%
What chocolate bar is the therapist eating which Jez sees and can subsequently no longer take him seriously? Twix
77%
Super Hans is selling what type of shoes? Ballet
76%
What new kitchen utensil has Dobby bought which concerns Mark about her seriousness on moving in? Tin opener
70%
What % gay does Mark tell Dobby that Jeremy is? 80
64%
The damp wall is as wet as an _________? Eagle
62%
What band could mark not get during the game at Simon’s house? Hot chip
62%
What % of internet starts ups don’t fold within the first 18 months, according to Mark? 5
59%
What is Anubis changed to in Business Secrets of the Pharaohs by the BL books spellcheck? Omnibus
52%
Where does Jez think Mark has smuggled a ring? Pie
50%
What muscle group does Simon compliment on Dobby? Calves
39%
Who is the new US Men’s National team football manager? Jurgen Klinsmann
27%
What is the name of the ‘sexy older lady’ Mark meets at his MBA class? Stephanie
21%
3 trains, 4 buses and a cab - Mark is trying to get to an industrial estate where? Lutterworth
17%
What does Jez originally order at the cafe, a horrible lunch (be specific)? Halloumi salad and a water
11%
No matching quizzes found
Score Distribution
Percent of People with Each Score
Percentile by Number Answered
Your Score History
You have not taken this quiz